Statistics for Ving Rhames Filmography

Click here to take the quiz!

General Stats

  • This quiz has been taken 32 times
    (2 since last reset)
  • The average score is 10 of 151

Answer Stats

TypeYearName% Correct
Film1996Mission: Impossible
100%
Film2023Mission: Impossible - Dead Reckoning - Part One
100%
Film2025Mission: Impossible - Dead Reckoning - Part Two
100%
Film2011Mission: Impossible - Ghost Protocol
100%
Film2015Mission: Impossible - Rogue Nation
100%
Film2000Mission: Impossible 2
50%
Film2018Mission: Impossible - Fallout
50%
Film2006Mission: Impossible III
50%
Film1994Pulp Fiction
50%
Film2003Sin
50%
Web SeriesTBASinking Spring
50%
Film2024The Garfield Movie
50%
FilmTBAThe Instigators
50%
Film2009The Tournament
50%
Film2008A Broken Life
0%
TV Film2014A Day Late and a Dollar Short
0%
Commercial2015-2016ADT
0%
Theater1985A Map of the World
0%
Documentary Series2006, 2007American Gangster
0%
TV Film2000American Tragedy
0%
Film2005Animal
0%
Film2008Animal 2
0%
TV Show1986Another World
0%
TV Pilot2006Aquaman
0%
Commercial2015-PresentArby's
0%
Film2013Armed Response
0%
Film2007Ascension Day
0%
Film2016A Sunday Horse
0%
Film2001Baby Boy
0%
Film2005Back in the Day
0%
Documentary2003Beef
0%
TV Film2011Black Jack
0%
Film1993Blood In Blood Out
0%
Film1998Body Count
0%
Film1999Bringing Out the Dead
0%
Short Film2012Btd
0%
Commercial2012Buick
0%
Film2010Caged Animal
0%
TV Film2018Cagney and Lacey
0%
Video Game2017Call of Duty: WWII
0%
Film1989Casualties of War
0%
Film1997Con Air
0%
Film2018Con Man
0%
TV Show1986Crime Story
0%
TV Show2011Cubed
0%
Film1997Dangerous Ground
0%
Film2002Dark Blue
0%
Film1993Dave
0%
Film2004Dawn of the Dead
0%
Film2008Day of the Dead
0%
TV Film1995Deadly Whispers
0%
Film2010Death Race 2
0%
Film2013Death Race 3: Inferno
0%
TV Film1997Don King: Only in America
0%
Video Game2004DRIV3R
0%
Film1994Drop Squad
0%
Film2009Echelon Conspiracy
0%
TV Film1995Ed McBain's 87th Precinct: Lightning
0%
Film1999Entrapment
0%
TV Show1994-1996ER
0%
Film2009Evil Angel
0%
Film2017Father Figures
0%
Film2001Final Fantasy: The Spirits Within
0%
Film1991Flight of the Intruder
0%
TV Pilot2007Football Wives
0%
Film2013Force of Execution
0%
Documentary Series2003Freedom: A History of US
0%
Film2009Give 'Em Hell, Malone
0%
Film1984Go Tell It on the Mountain
0%
TV Show2010Gravity
0%
Film2017Guardians of the Galaxy Vol. 2
0%
TV Film2000Holiday Heart
0%
Film1991Homicide
0%
Film2006Idlewild
0%
Film2007I Now Pronounce You Chuck & Larry
0%
TV Film1991Iran: Days of Crisis
0%
Film1990Jacob's Ladder
0%
Film2014Jamesy Boy
0%
Film2011Julia X 3D
0%
Film2010King of the Avenue
0%
Theater1983King Richard III
0%
Film1995Kiss of Death
0%
TV Show2005Kojak
0%
Web Mini-Series2023Legacy
0%
Film2006Leroy & Stitch
0%
Film2002Lilo & Stitch
0%
TV Show2003Lilo & Stitch: The Series
0%
TV Film2002Little John
0%
Film2010Love Chronicles: Secrets Revealed
0%
Film2012Mafia
0%
Film2010Master Harold...and the Boys
0%
TV Show1989Men
0%
TV Show1985, 1987Miami Vice
0%
Video Game2003Mission: Impossible - Operation Surma
0%
TV Show2013Monday Mornings
0%
Film2012Money Fight
0%
Film1986Native Son
0%
TV Show1995New York Undercover
0%
Commercial2019Nursinghomesettlements.com - Pintas & Mullins Law Firm
0%
Film2009Operation: Endgame
0%
Film2015Operator
0%
Film1998Out of Sight
0%
Film1988Patty Hearst
0%
Film2014Percentage
0%
Film2008Phantom Punch
0%
TV Show1994Philly Heat
0%
Film2011Pimp Bullies
0%
Film2012Piranha 3DD
0%
Commercial2001Radio Shack
0%
Film2010Red Canvas
0%
TV Film2002RFK
0%
TV Film1990Rising Son
0%
TV Documentary1998Robert F. Kennedy: A Memoir
0%
Film1997Rosewood
0%
Film2008Saving God
0%
TV Show1991Screenplay
0%
Film2012Seven Below
0%
Film2005Shooting Gallery
0%
Theater1985Short Eyes
0%
TV Film2002Sins of the Father
0%
Film2011Soldiers of Fortune
0%
TV Show1988Spenser: For Hire
0%
Film2003Stitch! The Movie
0%
Film1992Stop! Or My Mom Will Shoot
0%
Film1996Striptease
0%
Film2009Surrogates
0%
TV Film1992Terror on Track 9
0%
TV Show2003The Adventures of Jimmy Neutron: Boy Genius
0%
Theater1985The Boys of Winter
0%
Film2009The Bridge to Nowhere
0%
TV Show2002-2003The District
0%
TV Show1989The Equalizer
0%
Film2009The Goods: Live Hard, Sell Hard
0%
Film2023The Locksmith
0%
Film1990The Long Walk Home
0%
Theater1986The Mighty Gents
0%
Film1991The People Under the Stairs
0%
TV Show2002The Proud Family
0%
Film2011The River Murders
0%
Film1993The Saint of Fort Washington
0%
Film2017The Star
0%
TV Show2003The System
0%
TV Show1987Tour of Duty
0%
TV Show2001UC: Undercover
0%
Film2002Undisputed
0%
FilmTBAUppercut: The Sparkling Version
0%
Film2023Uppercut: The Still Version
0%
Film2022Wendell & Wild
0%
TV Film1990When You Remember Me
0%
Film2012Won't Back Down
0%
Film2011Zombie Apocalypse
0%

Score Distribution

Percentile by Number Answered

Percent of People with Each Score

Your Score History

You have not taken this quiz since the last reset